|
|
|
|
| LEADER |
02254nam a2200445 4500 |
| 001 |
ocn648246152 |
| 003 |
OCoLC |
| 005 |
20180501121930.0 |
| 006 |
m o d |
| 007 |
cr cn||||||||| |
| 008 |
080801s2003 mau ob 001 0 eng d |
| 040 |
|
|
|a E7B
|b eng
|e pn
|c E7B
|d OCLCQ
|d OPELS
|d OCLCQ
|d OCLCF
|d YDXCP
|d OCLCQ
|d UAB
|d GrThAP
|
| 019 |
|
|
|a 905848967
|
| 020 |
|
|
|a 9780080522708
|q (electronic bk.)
|
| 020 |
|
|
|a 008052270X
|q (electronic bk.)
|
| 020 |
|
|
|a 0125400764
|q (electronic bk.)
|
| 020 |
|
|
|a 9780125400763
|q (electronic bk.)
|
| 035 |
|
|
|a (OCoLC)648246152
|z (OCoLC)905848967
|
| 050 |
|
4 |
|a QP551
|b .P69576 2003eb
|
| 082 |
0 |
4 |
|a 547/.7
|2 23
|
| 049 |
|
|
|a TEFA
|
| 245 |
0 |
0 |
|a Progress in nucleic acid research and molecular biology.
|n Volume 76 /
|c edited by Kivie Moldave.
|
| 246 |
3 |
0 |
|a Nucleic acid research and molecular biology
|
| 260 |
|
|
|a Boston ;
|a Amsterdam :
|b Elsevier/Academic Press,
|c Ã2003.
|
| 300 |
|
|
|a 1 online resource (ix, 366 pages).
|
| 336 |
|
|
|a text
|b txt
|2 rdacontent
|
| 337 |
|
|
|a computer
|b c
|2 rdamedia
|
| 338 |
|
|
|a online resource
|b cr
|2 rdacarrier
|
| 490 |
1 |
|
|a Progress in nucleic acid research and molecular biology ;
|v v. 76
|
| 504 |
|
|
|a Includes bibliographical references and index.
|
| 588 |
0 |
|
|a Print version record.
|
| 520 |
|
|
|a This is a cumulative subject index for volumes 40-72 of Progress in Nucleic Acid Research and Molecular Biology. This series is intended to bring to light the most recent advances in these overlapping disciplines with a timely compilation of reviews comprising each volume. This is a cumulative subject index for volumes 40-72 of Progress in Nucleic Acid Research and Molecular Biology. This series is intended to bring to light the most recent advances in these overlapping disciplines with a timely compilation of reviews comprising each volume.
|
| 650 |
|
0 |
|a Nucleic acids.
|
| 650 |
|
0 |
|a Molecular biology.
|
| 650 |
|
7 |
|a Molecular biology.
|2 fast
|0 (OCoLC)fst01024734
|
| 650 |
|
7 |
|a Nucleic acids.
|2 fast
|0 (OCoLC)fst01041070
|
| 655 |
|
4 |
|a Electronic books.
|
| 700 |
1 |
|
|a Moldave, Kivie,
|d 1923-
|
| 830 |
|
0 |
|a Progress in nucleic acid research and molecular biology ;
|v v. 76.
|
| 856 |
4 |
0 |
|u https://www.sciencedirect.com/science/bookseries/00796603/76
|z Full Text via HEAL-Link
|